DRUGS IN PREGNANCY AND LOCTATION / (Record no. 797115)

MARC details
000 -LEADER
fixed length control field 00545pam a2200193 a 4500
020 ## - INTERNATIONAL STANDARD BOOK NUMBER
International Standard Book Number 9780781778736
Terms of availability 5830.80
041 ## - LANGUAGE CODE
Language code of text/sound track or separate title eng
Language code of original NULL
082 ## - DEWEY DECIMAL CLASSIFICATION NUMBER
Classification number 618
Item number BRI/FRE
100 ## - MAIN ENTRY--PERSONAL NAME
Personal name BRIGGS G.C.,FREEMAN R.K.,YAFFE S.J.
245 ## - TITLE STATEMENT
Title DRUGS IN PREGNANCY AND LOCTATION /
Statement of responsibility, etc. NULL.
Medium Textual Documents
250 ## - EDITION STATEMENT
Edition statement 8 ED /
Remainder of edition statement .
260 ## - PUBLICATION, DISTRIBUTION, ETC.
Place of publication, distribution, etc. NULL :
Name of publisher, distributor, etc. WOLTERS KLUWER LIPPINCOTT ,
Date of publication, distribution, etc. 2008.
300 ## - PHYSICAL DESCRIPTION
Extent 2115 : :
Other physical details XXIV ; ;
Dimensions A4 . +
Accompanying material HB.
365 ## - TRADE PRICE
Price type code 5830.80
650 ## - SUBJECT ADDED ENTRY--TOPICAL TERM
Topical term or geographic name entry element OBST.GYNE
700 ## - ADDED ENTRY--PERSONAL NAME
Personal name .
-- .
930 ## - EQUIVALENCE OR CROSS-REFERENCE-UNIFORM TITLE HEADING [LOCAL, CANADA]
Uniform title 2580
Holdings
Withdrawn status Lost status Damaged status Not for loan Collection Home library Current library Date acquired Source of acquisition Cost, normal purchase price Total Checkouts Full call number Barcode Date last seen Copy number Price effective from Koha item type
          Medical College & Hospital, Sangli Medical College & Hospital, Sangli 21/08/2008 B.M.S.G.B.PUNE 5830.80   618 BRI/FRE MCS-6197 26/07/2023 1 26/07/2023 Book